|
|
|
|
| LEADER |
00000nab a2200000uu 4500 |
| 001 |
vtls011437709 |
| 003 |
SK-MaSNL |
| 005 |
20260303145625.0 |
| 008 |
230222| xo |||||||||||||||||slo| |
| 015 |
|
|
|a SNBRB
|
| 035 |
|
|
|a (urnnbn)urn:nbn:sk:snk:ar-002l88
|
| 035 |
|
|
|a (uuid)bd2b333a-ea2b-446a-b7a0-7b54b8c26d75
|
| 035 |
|
|
|a urn:nbn:sk:snk-abcct0
|
| 040 |
|
|
|a SNKBUCL
|b slo
|c SNKBUCL
|e AACR2
|
| 041 |
0 |
|
|a slo
|
| 044 |
|
|
|a xo
|c SK
|
| 100 |
1 |
|
|a Klindová, Ľuboslava,
|d 1931-
|4 aut
|9 210724
|
| 245 |
1 |
0 |
|a Zasadnutie Rady OMEP
|c Ľ. Klindová
|
| 773 |
0 |
|
|t Predškolská výchova : pedagogický časopis pre učiteľky materských škôl
|g Roč. 26, č. 6 (1971-1972), s. 172-173
|
| 954 |
|
|
|a odborná, vedecká literatúra pôvodná (slovenská)
|2 lita
|
| 958 |
|
|
|a OND
|
| 958 |
|
|
|a EUIPO
|
| 958 |
|
|
|a article16
|
| 999 |
|
|
|c 2004162
|d 2006092
|